Digital aerial survey: theory and practice (Record no. 102063)

MARC details
000 -LEADER
fixed length control field 01135cam a2200325 4500
001 - CONTROL NUMBER
control field L117862
008 - FIXED-LENGTH DATA ELEMENTS--GENERAL INFORMATION
fixed length control field 020508n2002 000 0 eng u
020 ## - INTERNATIONAL STANDARD BOOK NUMBER
International Standard Book Number 1870325982
020 ## - INTERNATIONAL STANDARD BOOK NUMBER
International Standard Book Number 0849316014
035 ## - SYSTEM CONTROL NUMBER
System control number (Sirsi) u117862
041 ## - LANGUAGE CODE
Language code of text/sound track or separate title eng
050 ## - LIBRARY OF CONGRESS CALL NUMBER
Classification number 526.982
-- 18
100 ## - MAIN ENTRY--PERSONAL NAME
Personal name Graham, Ron
245 ## - TITLE STATEMENT
Title Digital aerial survey: theory and practice
260 ## - PUBLICATION, DISTRIBUTION, ETC.
Place of publication, distribution, etc. Latheronwheel
Name of publisher, distributor, etc. Whittles Publishing
Place of publication, distribution, etc. Bocca Raton
Name of publisher, distributor, etc. CRC Press
Date of publication, distribution, etc. 2002
300 ## - PHYSICAL DESCRIPTION
Extent viii,248p.
Dimensions 24cm.
350 ## - PRICE (NR) (BK AM CF MU VM SE) [OBSOLETE]
Price 70
520 ## - SUMMARY, ETC.
Summary, etc. Covers from first principles digital imaging technology and aerial survey practice and in so doing illustrates the advantages of digital cameras against analogue systems. Discusses both economics and limitations of digital surveys.
520 ## - SUMMARY, ETC.
Summary, etc. Includes CD-ROM "Geotechnologies" (L145143) which is not available for loan.
650 ## - SUBJECT ADDED ENTRY--TOPICAL TERM
Topical term or geographic name entry element AERIAL PHOTOGRAPHY
650 ## - SUBJECT ADDED ENTRY--TOPICAL TERM
Topical term or geographic name entry element AERIAL SURVEY
650 ## - SUBJECT ADDED ENTRY--TOPICAL TERM
Topical term or geographic name entry element DIGITAL IMAGING
650 ## - SUBJECT ADDED ENTRY--TOPICAL TERM
Topical term or geographic name entry element DIGITAL PHOTOGRAPHY
650 ## - SUBJECT ADDED ENTRY--TOPICAL TERM
Topical term or geographic name entry element LAND SURVEYING
650 ## - SUBJECT ADDED ENTRY--TOPICAL TERM
Topical term or geographic name entry element PHOTOGRAMMETRY
650 ## - SUBJECT ADDED ENTRY--TOPICAL TERM
Topical term or geographic name entry element REMOTE SENSING
690 ## - LOCAL SUBJECT ADDED ENTRY--TOPICAL TERM (OCLC, RLIN)
Topical term or geographic name as entry element GEOMATICS
9 (RLIN) 6242
700 ## - ADDED ENTRY--PERSONAL NAME
Personal name Koh, Alexander
942 ## - ADDED ENTRY ELEMENTS (KOHA)
Suppress in OPAC 0
Holdings
Withdrawn status Lost status Source of classification or shelving scheme Damaged status Not for loan Home library Current library Shelving location Date acquired Cost, normal purchase price Total Checkouts Full call number Barcode Date last seen Date last checked out Copy number Cost, replacement price Price effective from Koha item type
    Dewey Decimal Classification     London London Books 21/02/2003 70.00 1 526.982 GRA 30068220 06/08/2019 01/02/2006 1 70.00 06/08/2019 Book